00358nam a22001097a 4500008004100000022001300041050002800054245009800082260003400180300002400214440001000238140919b xxu||||| |||| 00| 0 eng d a03787591 aKJE5461.B76(1988 pt. 2) aCourt of justice of the European communities(1988 pt 2): reports of cases before the court. / aLuxembourg:bO.P.E.C.,c1988. aviii, 1236p.c23cm. ppt. 2